[Event "Syre Memorial op 36th"]
[Site "Issy les Moulineaux"]
[Date "2013.05.12"]
[Round "7"]
[White "Hoekstra, Carl"]
[Black "Carre, Sylvain"]
[Result "0-1"]
[WhiteElo "1912"]
[BlackElo "2176"]
[PlyCount "56"]
[EventDate "2013.05.08"]
[EventType "swiss"]
[EventRounds "7"]
[EventCountry "FRA"]
[SourceTitle "EXT 2015"]
[Source "ChessBase"]
[SourceDate "2014.11.20"]
[SourceVersion "1"]
[SourceVersionDate "2014.11.20"]
[SourceQuality "1"]

1. e4 c6 2. d4 d5 3. exd5 cxd5 4. c4 Nf6 5. Nc3 e6 6. Nf3 Nc6 7. Bf4 a6 8. a3 Be7 9. c5 Ne4 10. Bd3 f5 11. Be5 Bf6 12. Bxf6 Qxf6 13. Bc2 Bd7 14. Qd3 0-0 15. h4 Be8 16. h5 Bf7 17. Ne2 e5 18. b4 Rfe8 19. Kf1 Rad8 20. Ba4 Nxf2 21. Kxf2 e4 22. Qc3 exf3 23. gxf3 f4 24. Bxc6 bxc6 25. Rae1 Re3 26. Qd2 Rde8 27. Qb2 Qg5 28. h6 Rxe2+ 0-1

[Event "Syre Memorial op 35th"]
[Site "Issy les Moulineaux"]
[Date "2012.05.17"]
[Round "1"]
[White "Kirszenberg, Marc"]
[Black "Hoekstra, Carl"]
[Result "1/2-1/2"]
[WhiteElo "2194"]
[BlackElo "1944"]
[PlyCount "65"]
[EventDate "2012.05.17"]
[EventType "swiss"]
[EventRounds "6"]
[EventCountry "FRA"]
[SourceTitle "EXT 2015"]
[Source "ChessBase"]
[SourceDate "2014.11.20"]
[SourceVersion "1"]
[SourceVersionDate "2014.11.20"]
[SourceQuality "1"]

1. d4 g6 2. Nf3 Bg7 3. Bf4 d6 4. e3 Bd7 5. c4 Nc6 6. Nc3 e5 7. Bg3 Nh6 8. c5 Nf5 9. cxd6 cxd6 10. dxe5 Nxg3 11. hxg3 dxe5 12. Be2 0-0 13. 0-0 Be6 14. a3 Qe7 15. Qa4 a6 16. Rac1 Rfd8 17. Rfd1 Rxd1+ 18. Rxd1 Rd8 19. b4 Rxd1+ 20. Qxd1 Qd8 21. Qxd8+ Nxd8 22. Ng5 Bb3 23. Nge4 f5 24. Nc5 Bf7 25. e4 Bf8 26. Bf3 Bxc5 27. bxc5 Ne6 28. exf5 gxf5 29. Bxb7 Nxc5 30. Bc8 Be6 31. Bxe6+ Nxe6 32. Kf1 Nd4 33. Nb1 1/2-1/2

[Event "Syre Memorial op 32nd"]
[Site "Issy les Moulineaux"]
[Date "2009.05.23"]
[Round "5"]
[White "Laurent, Julien G"]
[Black "Hoekstra, Carl"]
[Result "1-0"]
[WhiteElo "2343"]
[BlackElo "1939"]
[PlyCount "27"]
[EventDate "2009.05.21"]
[EventType "swiss"]
[EventRounds "6"]
[EventCountry "FRA"]
[SourceTitle "EXT 2010"]
[Source "ChessBase"]
[SourceDate "2010.11.25"]
[SourceVersion "1"]
[SourceVersionDate "2010.11.25"]
[SourceQuality "1"]

1. d4 g6 2. e4 Bg7 3. Nc3 c6 4. Nf3 d5 5. h3 dxe4 6. Nxe4 Nd7 7. Bc4 h6 8. Qe2 Qc7 9. g3 g5 10. Bd2 Ngf6 11. Bxf7+ Kxf7 12. Nexg5+ hxg5 13. Nxg5+ Kg6 14. Qd3+ 1-0

[Event "Sitges op 32nd"]
[Site "Sitges"]
[Date "2006.07.21"]
[Round "1"]
[White "Hoekstra, Carl"]
[Black "Ramesh, Ramachandran B"]
[Result "1/2-1/2"]
[WhiteElo "1973"]
[BlackElo "2490"]
[PlyCount "102"]
[EventDate "2006.07.21"]
[EventType "swiss"]
[EventRounds "9"]
[EventCountry "ESP"]
[SourceTitle "CBM 113 Extra"]
[Source "ChessBase"]
[SourceDate "2006.09.14"]
[SourceVersion "1"]
[SourceVersionDate "2006.09.14"]
[SourceQuality "1"]

1. e4 c5 2. b3 Nc6 3. Bb2 e5 4. Nf3 d6 5. Bb5 Nf6 6. Bxc6+ bxc6 7. d3 Be7 8. Nbd2 0-0 9. Qe2 Ne8 10. 0-0-0 Nc7 11. h4 f5 12. exf5 Bxf5 13. Rdg1 Qd7 14. Ng5 Nd5 15. g3 Bxg5 16. hxg5 Rae8 17. Rh4 Qe7 18. f4 exf4 19. Qxe7 Rxe7 20. gxf4 Re2 21. Nc4 Nb4 22. a3 Nxc2 23. Nxd6 Ne1 24. Nxf5 Nxd3+ 25. Kd1 Rxb2 26. Rg3 Rxb3 27. Ne7+ Kf7 28. Kd2 Rd8 29. Nxc6 Rd6 30. Kc2 c4 31. Ne5+ Nxe5 32. fxe5 Rxg3 33. exd6 Ke6 34. Rxh7 Rxg5 35. Kc3 Rg4 36. Rh5 Kxd6 37. Ra5 g5 38. Rxa7 Re4 39. Rg7 Rg4 40. a4 Kd5 41. Rd7+ Ke6 42. Rg7 Kf6 43. Rc7 Rg1 44. Rxc4 g4 45. a5 Kg5 46. Kb4 g3 47. Rc2 Kf4 48. a6 g2 49. Kc5 Kf3 50. Kc6 Ra1 51. Rxg2 Rxa6+ 1/2-1/2